Language Quiz

Random Language or French Quiz

French-avoir/être/aller/faire Quiz Stats

Quiz not verified by Sporcle

Challenge
Share
Tweet
Embed
Score 0/34 Timer 05:00
0 Plays Today
French English % Correct
j'aiI have
95.8%
nous sommeswe are
93.8%
tu esyou are
93.4%
je suisI am
91.9%
il vahe goes
90.7%
nous avonswe have
89.2%
elles sontthey are
88%
je faisI do
85.3%
il faithe does
85.3%
elle vashe is going
85.3%
elle estshe is
84.9%
il ahe has
84.6%
nous allonswe are going
84.6%
nous faisonswe do
84.2%
je vaisI go
83.4%
vous allezyou go
82.2%
tu faisyou do
82.2%
French English % Correct
ils vontthey go
81.9%
vous avezyou have
81.5%
ils fontthey do
80.7%
ils ontthey have
80.3%
qui awho has
72.2%
qui vawho goes
72.2%
qui estwho is
71.8%
tout le monde aeverybody has
71.8%
qui faitwho does
71.4%
tout le monde esteverybody is
69.9%
tout le monde faiteveryone does
68.7%
tout le monde vaeveryone goes
66.8%
mes amis fontmy friends do
66%
tu ne vas pasyou don't go
60.2%
est-ce que tu asdo you have
57.5%
vous ne faites jamaisyou never do
52.9%
est-ce que vous êtesare you
48.3%

You're not logged in!

Compare scores with friends on all Sporcle quizzes.
Join for Free
OR
Log In

You Might Also Like...

Show Comments

Extras

Top Quizzes Today


Score Distribution

Your Account Isn't Verified!

In order to create a playlist on Sporcle, you need to verify the email address you used during registration. Go to your Sporcle Settings to finish the process.

Report this User

Report this user for behavior that violates our Community Guidelines.

Details: